| 000 | 00505nam a22001937a 4500 | ||
|---|---|---|---|
| 003 | Ost | ||
| 005 | 20250305104528.0 | ||
| 008 | 250305b |||||||| |||| 00| 0 eng d | ||
| 020 | _a9781789343731 | ||
| 040 | _cBT-PhCST | ||
| 050 | _a25189-25190 | ||
| 082 |
_222 _a006.6 _bDEY |
||
| 100 | _aDey, Sandipan. | ||
| 245 | _aHands on image processing with python / | ||
| 260 |
_aMumbai : _bPackt Publishing, _cc2018 |
||
| 300 |
_aix, 474 p. : _bill. ; _c24 cm. |
||
| 500 | _aIncludes index. | ||
| 942 |
_2ddc _cICE |
||
| 999 |
_c9909 _d9909 |
||